|
|
|
|
| LEADER |
00000nam0a2200000 4500 |
| 001 |
358920 |
| 005 |
20231102011137.0 |
| 035 |
|
|
|a (RuTPU)RU\TPU\retro\16192
|
| 090 |
|
|
|a 358920
|
| 100 |
|
|
|a 20200901d1976 k y0rusy50 ca
|
| 101 |
0 |
|
|a rus
|
| 102 |
|
|
|a UA
|
| 105 |
|
|
|a a z 001zy
|
| 200 |
1 |
|
|a Техника безопасности на открытых работах
|e сборник научных трудов
|f Министерство угольной промышленности СССР ; Государственный научно-исследовательский, проектно-конструкторский и проектный институт угольной промышленности
|
| 210 |
|
|
|a Киев
|c [Б. и.]
|d 1976
|
| 215 |
|
|
|a 55 с.
|c ил.
|
| 320 |
|
|
|a Библиография в конце статей
|
| 606 |
1 |
|
|a Горные работы открытые
|x Техника безопасности
|2 stltpush
|3 (RuTPU)RU\TPU\subj\8242
|
| 610 |
1 |
|
|a травматизм
|
| 610 |
1 |
|
|a разрезы
|
| 610 |
1 |
|
|a железнодорожный транспорт
|
| 610 |
1 |
|
|a безопасность
|
| 610 |
1 |
|
|a уголь
|
| 610 |
1 |
|
|a электрическое разрушение
|
| 610 |
1 |
|
|a исследование
|
| 610 |
1 |
|
|a эндогенные пожары
|
| 610 |
1 |
|
|a профилактика
|
| 610 |
1 |
|
|a пыль
|
| 610 |
1 |
|
|a меры борьбы
|
| 610 |
1 |
|
|a проветривание
|
| 675 |
|
|
|a 622.8
|v 4
|
| 712 |
0 |
2 |
|a Министерство угольной промышленности СССР
|2 stltpush
|3 (RuTPU)RU\TPU\col\9525
|9 24705
|
| 712 |
0 |
2 |
|a Государственный научно-исследовательский, проектно-конструкторский и проектный институт угольной промышленности
|c (Киев)
|2 stltpush
|3 (RuTPU)RU\TPU\col\20012
|9 27673
|
| 801 |
|
1 |
|a RU
|b 63413507
|c 20200901
|
| 801 |
|
2 |
|a RU
|b 63413507
|c 20210216
|g RCR
|
| 942 |
|
|
|c BK
|